000 00818nam a2200205Ia 4500
001 9801
003 GE_BSU
008 181216s||||||||xx |||||||||||||| ||und||
040 _cGE_BSU
080 _a821.353.1–32+821.353.1-31+821.353.1-92
100 _aნინოშვილი,ეგნატე
245 _aთხზულებები
245 _cშეადგ.წინასიტყვ.შენიშვნ. და ლექსიკონი დაურთო ალ.ღლონტმა.რედ. რ.სირაძე. მხატვ. დ.ჯაბუა
260 _aთბილისი
260 _bსაბჭოთა საქართველო
260 _c1984
300 _a545გვ.პორტრ.22სმ.
653 _aთხზულებები
942 _cBK
999 _c43081
_d43081